000 nam a22 7a 4500
999 _c129327
_d129327
008 190329b xxu||||| |||| 00| 0 eng d
020 _a9780143033424
050 _aDS428.2.V37 2005
100 _aVarma, Pavan K.
_945612
245 _aBeing Indian:
_bthe truth about whythe twenty-first century will be India's
_c/ by Pavan K. Varma
260 _aLondon:
_bPenguin books
_c2005
300 _a238p. ;
_c22cm.
650 _aEast Indians
_xaltitudes
_945613
650 _aIndia
_xsocial life
_xcustoms
_z21st century
_945614
650 _aIndia
_xpolitics
_y1977
_945615
942 _2lcc
_cMONOGRAPH